| 000 | 00383nam a2200157 i 4500 | ||
|---|---|---|---|
| 001 | bg | ||
| 100 | 1 | _aSZCZENIOWSKI, Szczepan. | |
| 245 | 0 |
_aFizyka doświadczalna. _nCz.4, _pOptyka / _cSzczepan Szczeniowski. |
|
| 250 | _aWyd.3 popr. | ||
| 260 |
_aWarszawa, _c1967. |
||
| 040 | _cBPK | ||
| 041 | _apol | ||
| 080 | _a535 | ||
| 942 | _cKS | ||
| 008 | s pl f |000 0 pol | ||
| 999 |
_c10326 _d10326 |
||
| 856 |
_uhttp://koha.tu.koszalin.pl/cgi-bin/koha/opac-detail.pl?biblionumber=10326 _yKatalog online BPK |
||